000 00401 a2200121 4500
001 ART_51290
005 20260410161608.0
008 260409a
245 1 0 _aEl modelo de revaluación de los bienes de uso en las normas contables
100 1 _aFaccendini, Yanina C.
700 1 _aOubiña, Gabriel H.
773 0 _tProfesional & Empresaria
_g- Año XXI, Nº 249 (jun. 2020)
_wREV70
999 _c10345
_d10345